You Don't Know Jack! Trivia #2 - Statistics

General Stats
  • This quiz has been taken 693 times
  • The average score is 7 of 15
Answer Stats
Question Answer % Correct
Lennie dies at the end. What classic work of literature did I just ruin? Of Mice and Men
69%
Given the dietary habit of tortoises, what would the Teenage Mutant Ninja TORTOISES order at Pizza Hut? A Veggie Lover's Pizza
62%
What might the Incredible Hulk yell if he started referring to himself by his real name? "The Bruce is mad!"
62%
Which of these candy names best describes a supernova? Starburst
60%
Considering their natural life cycles, which Muppet baby shouldn't have arms? Baby Kermit
58%
Suppose I Can't Believe It's Not Butter! comes out with a "Five Stages of Grief" line of products. After I Can't Believe It's Not Butter!, which product would come NEXT in line? I'm Very Angry That It's Not Butter!
49%
If it worked like a real piano, what "sharp" key on my sharp-looking piano necktie is basically the same key as a B-flat? A#
41%
Suppose they make a sequel to Brokeback Mountain set on the second-tallest mountain in the world. What might it be called? brokebacK2
41%
If the mascot for the San Jose Sharks wanted to mirror the feud in West Side Story, what team would he taunt with vicious finger snaps? New York Jets
41%
Say you wanted to download as many apps onto your Samsung Galaxy phone as there are stars in the Milky Way Galaxy. What could you do? Download about 300 billion song recognition apps
36%
If a 3 Musketeers bar were made out of the actual Three Musketeers, what would NOT be an ingredient? A light and fluffy D'Artagnan center
31%
Which of these American Idols is doing something NOT protected by the U.S. Bill of Rights? Kelly Clarkson voting for governor
29%
Which TV show features the same number of people living under one roof as the number of people in Julius Caesar's political alliance before he became emperor? Three's Company
29%
Which of these action stars, if he went home and kicked the butts of everybody in his native country, would end up kicking the FEWEST butts? Arnold Schwarzenegger
27%
If the eight Ivy League schools decided to pull panty raids on each other, who would NOT have to cross state lines with panty contraband? Columbia, panty-raiding Cornell
26%
No matching quizzes found
Score Distribution
Percent of People with Each Score
Percentile by Number Answered
Your Score History
You have not taken this quiz